00632nam a22001817a 450000500170000001000150001702000260003203500140005803700130007208200100008524501500009526000570024527000560030230000250035870000220038370000230040570000220042820220523110322.0 aENG-132763 a9788131240540c700.00 aEN-116295 bDBAD/PUB 2615.3 aProbiotics, Microbiome and gut Function:bTransforming Health and Well-Being/cEdited by B.S. Ramakrishna, G. Balakrish Nair and Yoshifumi Takeda aNew DelhibReed Elsevier India Private Limitedc2015 a305, Rohit House, 3 Tolstoy MargbNew Delhie110001 aiv, 114p.c24cm(hbk) aRamakrishna, B.S. aNair, G. Balakrish aTakeda, Yoshifumi